000 00611cam a2200229 i 4500
001 3194684
005 20180208035024.0
008 780217s1978 enka b 001 0 eng
010 _a 77030736
015 _aGB77
020 _a019261214X :
_c£5.50
040 _aDLC
_cDLC
_dDLC
041 _aeng
080 _a616.042 ROB
082 0 0 _a616.042 ROB
100 1 _a6
101 _aGJEN
245 1 3 _aAn introduction to medical genetics /
_cJ. A. Fraser Roberts and Marcus E. Pembrey.
504 _aBibliography: p. 311-315.
906 _a7
_bcbc
_corignew
_d1
_eocip
_f19
_gy-gencatlg
942 _2ddc
_cBK
999 _c42087
_d42087